Comercialización de los principales productos en el Municipio de Cabrican Quetzaltenango /
Analiza la estructura de la comercialización de los productos agrícolas en el municipio de Cabrican, Guatemala. Contiene una caracterización socioeconómica de la zona señala la forma de tenencia y uso de la tierra, mano de obra, y principales tipos de producción en el municipio: industria, agricultu...
Zapisane w:
| 1. autor: | |
|---|---|
| Format: | Praca dyplomowa |
| Wydane: |
Guatemala:
Universidad de San Carlos
|
| Hasła przedmiotowe: | |
| Etykiety: |
Dodaj etykietę
Nie ma etykietki, Dołącz pierwszą etykiete!
|
MARC
| LEADER | 00000 a a2200000 04500 | ||
|---|---|---|---|
| 001 | 20043 | ||
| 003 | |||
| 040 | |a CRAI/IIS |c CRAI/IIS | ||
| 090 | |a 08216.00 | ||
| 100 | |a Arévalo Barahona, María Teresa | ||
| 245 | |a Comercialización de los principales productos en el Municipio de Cabrican Quetzaltenango / |c María Teresa Arévalo Barahona | ||
| 260 | |a Guatemala: |b Universidad de San Carlos | ||
| 300 | |a 75 páginas | ||
| 502 | |a Tesis (Licenciada en Administración de Empresas) -- Universidad de San Carlos de Guatemala. Facultad de Ciencias Económicas, 1979 | ||
| 520 | |a Analiza la estructura de la comercialización de los productos agrícolas en el municipio de Cabrican, Guatemala. Contiene una caracterización socioeconómica de la zona señala la forma de tenencia y uso de la tierra, mano de obra, y principales tipos de producción en el municipio: industria, agricultura, actividad pecuaria y artesanal y anota las formas que adopta la comercialización de estos productos./ACM | ||
| 650 | |a GUATEMALA | ||
| 650 | |a COMERCIALIZACION | ||
| 650 | |a PRODUCCION AGRICOLA | ||
| 650 | |a ARTESANIA | ||
| 650 | |a INDUSTRIA | ||
| 999 | |c 18065 |d 18065 | ||
